Nationalism and secularism in the face of communalism (Record no. 511431)

000 -LEADER
fixed length control field 00322nam a22001217a 4500
020 ## - INTERNATIONAL STANDARD BOOK NUMBER
International Standard Book Number 8186107398
082 ## - DEWEY DECIMAL CLASSIFICATION NUMBER
Classification number B262x54 T152
100 ## - MAIN ENTRY--PERSONAL NAME
Personal name Tampi, B.J.K.
9 (RLIN) 11161
245 ## - TITLE STATEMENT
Title Nationalism and secularism in the face of communalism
260 ## - PUBLICATION, DISTRIBUTION, ETC. (IMPRINT)
Place of publication, distribution, etc Kerala
Name of publisher, distributor, etc Integral Books
Date of publication, distribution, etc 2018
300 ## - PHYSICAL DESCRIPTION
Extent 398p.
650 ## - SUBJECT ADDED ENTRY--TOPICAL TERM
Topical term or geographic name as entry element Nationalism
9 (RLIN) 11677
Holdings
Withdrawn status Lost status Source of classification or shelving scheme Damaged status Koha normalized classification for sorting Not for loan Permanent location Current location Date acquired Full call number Barcode Date last seen Price effective from Koha item type
        B_262X54_T152   Indian Institute of Public Administration Indian Institute of Public Administration 2019-09-23 B262x54 T152 GR20961 2019-09-23 2019-09-23 GR

Powered by Koha